• 首页
  • 本馆介绍
  • 公告通知
  • 最新文献
  • 馆藏检索
  • 电子资源
  • 读者导购
  • 参考咨询
  • 我的图书馆
  • 登录
  • 详细信息显示
  • 放入我的书架
  • 预约/预借图书
  • 作者相关作品
  • 分类相关作品
  • 丛书相关作品
  • 出版社相关作品

书目信息

  • 表格格式
  • 工作单格式
  • 卡片格式
题名:
语法讲义
    
 
作者: 朱德熙 著
分册:  
出版信息: 北京   商务印书馆  1982
页数: 231页
开本: 21cm
丛书名:
单 册:
中图分类: H146 , H14
科图分类:
主题词: 汉语-语法--教材 , 语法-汉语--教材
电子资源:
ISBN:
000 00608nam0 2200241 450
001 1571834650
005 20150120195731.90
010    @dCNY0.96
091    @a9017.1198
100    @a19950512d1982 em y0chiy0110 ea
101 0  @achi
102    @aCN@b110000
105    @ay z 000yy
200 1  @a语法讲义@9yu fa jiang yi@f朱德熙著
210    @a北京@c商务印书馆@d1982
215    @a231页@d21cm
606 0  @a汉语-语法@x教材
606 0  @a语法-汉语@x教材
690    @aH146@v5
690    @aH14@v4
701  0 @a朱德熙@9zhu de xi@f(1920~1992.7)@4著
801  0 @aCN@bTSSF@c20150120
905    @aZUCC@dH14@eJY29
    
    语法讲义/朱德熙著.-北京:商务印书馆,1982
    231页;21cm
    
    
    ISBN :CNY0.96
    
●
相关链接 在E读中查询图书 在五车中查询图书 在当当中查询图书 在豆瓣中查询图书


正题名:语法讲义     索取号:H14/JY29         预约/预借

序号 登录号 条形码 馆藏地/架位号 状态 备注
1 7850332   278503326   学院路分馆/ [索取号:H14/JY29] 在馆    
唐山师范学院图书馆 欢迎您!
大连网信软件有限公司© 版权所有